High-efficiency high-density mhz cellular dc/dc converter for on-board charger / (Record no. 21623)
[ view plain ]
| 000 -LEADER | |
|---|---|
| fixed length control field | 01023nam a22002537a 4500 |
| 003 - CONTROL NUMBER IDENTIFIER | |
| control field | OSt |
| 005 - DATE AND TIME OF LATEST TRANSACTION | |
| control field | 20250411101401.0 |
| 008 - FIXED-LENGTH DATA ELEMENTS--GENERAL INFORMATION | |
| fixed length control field | 240913b ||||| |||| 00| 0 eng d |
| 040 ## - CATALOGING SOURCE | |
| Transcribing agency | 0 |
| 082 ## - DEWEY DECIMAL CLASSIFICATION NUMBER | |
| Classification number | DPer 621.317 Ie21 December 2022 v.37 n. 12 part 1&2. |
| 100 ## - MAIN ENTRY--PERSONAL NAME | |
| Personal name | Fan, Gao. |
| Relator term | author. |
| 9 (RLIN) | 61018 |
| 245 ## - TITLE STATEMENT | |
| Title | High-efficiency high-density mhz cellular dc/dc converter for on-board charger / |
| Statement of responsibility, etc. | Gao Fan, Xinke Wu, Tianji Liu, and Yuhao Xu. |
| 260 ## - PUBLICATION, DISTRIBUTION, ETC. (IMPRINT) | |
| Place of publication, distribution, etc. | New York ; |
| Name of publisher, distributor, etc. | The Institute of Electrical and Electronics Engineers, Inc., |
| Date of publication, distribution, etc. | December 2022. |
| 300 ## - PHYSICAL DESCRIPTION | |
| Extent | volume 37, pages 15666-15677, |
| Other physical details | illustration. |
| 500 ## - GENERAL NOTE | |
| General note | IEEE Transactions on Power Electronics, v. 37 n. 12, pages 15666-15677, December 2022. |
| 650 #0 - SUBJECT ADDED ENTRY--TOPICAL TERM | |
| Topical term or geographic name as entry element | multilevel. |
| 9 (RLIN) | 66341 |
| 650 #0 - SUBJECT ADDED ENTRY--TOPICAL TERM | |
| Topical term or geographic name as entry element | natural voltage balance. |
| 9 (RLIN) | 66342 |
| 650 #0 - SUBJECT ADDED ENTRY--TOPICAL TERM | |
| Topical term or geographic name as entry element | on-board charger (OBC). |
| 9 (RLIN) | 66343 |
| 700 ## - ADDED ENTRY--PERSONAL NAME | |
| Personal name | Fan, Gao. |
| Relator term | author. |
| 9 (RLIN) | 61018 |
| 700 ## - ADDED ENTRY--PERSONAL NAME | |
| Personal name | Wu, Xinke |
| Relator term | author. |
| 9 (RLIN) | 61019 |
| 700 ## - ADDED ENTRY--PERSONAL NAME | |
| Personal name | Liu, Tianji. |
| Relator term | author. |
| 9 (RLIN) | 61020 |
| 700 ## - ADDED ENTRY--PERSONAL NAME | |
| Personal name | Xu, Yuhao. |
| Relator term | author. |
| 9 (RLIN) | 61021 |
| 942 ## - ADDED ENTRY ELEMENTS (KOHA) | |
| Source of classification or shelving scheme | Dewey Decimal Classification |
| Koha item type | Periodicals |
| Withdrawn status | Lost status | Source of classification or shelving scheme | Damaged status | Not for loan | Collection code | Home library | Current library | Date acquired | Total Checkouts | Full call number | Date last seen | Price effective from | Koha item type | Public note |
|---|---|---|---|---|---|---|---|---|---|---|---|---|---|---|
| Dewey Decimal Classification | Periodicals | UM Digos College - LIC | UM Digos College - LIC | 09/13/2024 | DPer 621.317 Ie21 December 2022 v.37 n. 12 part 1&2. | 09/13/2024 | 09/13/2024 | Periodicals | Periodical Article |
